Modern Concepts in Aesthetic Dentistry and Multi-disciplined Reconstructive Grand Rounds (Record no. 18098)

MARC details
000 -LEADER
fixed length control field 00434nam a22001457a 4500
003 - CONTROL NUMBER IDENTIFIER
control field SGT
020 ## - INTERNATIONAL STANDARD BOOK NUMBER
International Standard Book Number 9780323390941
082 ## - DEWEY DECIMAL CLASSIFICATION NUMBER
Classification number 617.6342
Item number M15J
100 ## - MAIN ENTRY--PERSONAL NAME
Personal name John R. Calamia
245 ## - TITLE STATEMENT
Title Modern Concepts in Aesthetic Dentistry and Multi-disciplined Reconstructive Grand Rounds
260 ## - PUBLICATION, DISTRIBUTION, ETC. (IMPRINT)
Place of publication, distribution, etc Philadelphia, United States
Name of publisher, distributor, etc Health Sciences Division
Year of Publication 2015
300 ## - PAGE DESCRIPTION
No. of Pages 529-760
650 ## - SUBJECT ADDED ENTRY--TOPICAL TERM
Topical term or geographic name as entry element CONSERVATIVE DENTISTRY
942 ## - ADDED ENTRY ELEMENTS (KOHA)
Source of classification or shelving scheme Dewey Decimal Classification
Koha item type Books
Holdings
Withdrawn status Lost status Source of classification or shelving scheme Damaged status Not for loan Home library Current library Shelving location Date acquired Vendor Name Volume Information (Serial or Books or Non-Book Material) SGTU Total Checkouts Full call number Accession No. (Barcode) Date last seen Bill Date Koha item type
    Dewey Decimal Classification     SGT Dental Library SGT Dental Library Reference Book 30/05/2019 AHUJA SUBSCRIPTION AGENCY 59.3 SGTU   617.6342 M15J FD8051 30/05/2019 30/05/2019 Books